02132cam a2200385Ia 4500001000800000005001700008008004100025020001800066020001500084035002400099035002100123035001700144040001800161041001300179043001200192082001800204100002000222110004500242245010900287246004800396260011600444300003400560500013800594504005400732505052500786546002501311600006401336610005801400650005101458650003401509650005401543650006001597710004501657710004401702708381020220326193310.0071211s2007 dr a bc 000 0dspa d a9789945859645 a9945859641 a(OCoLC)ocn183338303 a(OCoLC)183338303 a(NNC)7083810 aCAMcCAMdCAM0 aspaaeng as-ve--- a709.87bD278o aJorge F. Rivas  aColección Patricia Phelps de Cisneros.00aDe oficio pintor :barte colonial venezolano : colección Patricia Phelps de Cisneros.cJorge F. Rivas 15aPainter by trade :bVenezuelan colonial art aSantiago de los Caballeros, República Dominicana :bCentro Léon ;aCaracas :bFundación Cisneros,cc2007. a124 p. :bcol. ill. ;c29 cm. aCatalog of an exhibition of the same name held June 21-Sept. 16, 2007 at Centro Léon, Santiago de los Caballeros, Domican Republic. aIncludes bibliographical references (p. 104-107). tIntroducccion rJorge F. Rivas tBreves comentarios sobre el oficio de pintor en Venezuela 1600-1822rJorge F. Rivas tPintura religiosa en Santo Domingo durante la colonia. Dos Colecciones del siglo XVIIIrMaria Ugalde tI - Los primetos Maestros tII - Los talleres tIII- Mas alla del lienzo tVI- La iglesia, cofradias y conventos tV-La devocion privada tVI- Intercambios tVII- La escuela de Caracas tCatalogo de obras tNotas bibliográficas de los artistas rMaria Esther Pino tBibliografia tExhibiciones  aSpanish and English.10aPhelps de Cisneros, PatriciaxArt collectionsvExhibitions.20aColección Patricia Phelps de CisnerosvExhibitions. 0aArt, Spanish colonialzVenezuelavExhibitions. 0aArt, VenezuelanvExhibitions. 0aArtxPrivate collectionszVenezuelavExhibitions. 0aArtxCollectors and collectingzVenezuelavExhibitions.2 aColección Patricia Phelps de Cisneros.2 aCentro Cultural Eduardo León Jimenes.